Eastern Utah Libraries Catalog: Duchesne, Heber, Roosevelt, & Vernal

Camila the stage star / (Record no. 362707)

MARC details
000 -LEADER
fixed length control field 01906cam a2200457 i 4500
001 - CONTROL NUMBER
control field 1158505827
003 - CONTROL NUMBER IDENTIFIER
control field OCoLC
005 - DATE AND TIME OF LATEST TRANSACTION
control field 20210623172806.0
008 - FIXED-LENGTH DATA ELEMENTS--GENERAL INFORMATION
fixed length control field 200605s2021 mnua b 000 1 eng
010 ## - LIBRARY OF CONGRESS CONTROL NUMBER
LC control number 2020025173
020 ## - INTERNATIONAL STANDARD BOOK NUMBER
International Standard Book Number 9781515882107
020 ## - INTERNATIONAL STANDARD BOOK NUMBER
International Standard Book Number 1515882101
020 ## - INTERNATIONAL STANDARD BOOK NUMBER
International Standard Book Number 9781515883197
020 ## - INTERNATIONAL STANDARD BOOK NUMBER
International Standard Book Number 1515883191
035 ## - SYSTEM CONTROL NUMBER
System control number (OCoLC)1158505827
040 ## - CATALOGING SOURCE
Original cataloging agency DLC
Language of cataloging eng
Description conventions rda
Transcribing agency DLC
Modifying agency OCLCO
-- BDX
-- YDX
-- OQX
042 ## - AUTHENTICATION CODE
Authentication code lcac
-- pcc
092 ## - LOCALLY ASSIGNED DEWEY CALL NUMBER (OCLC)
Feature heading ER
Item number SALAZAR
100 1# - MAIN ENTRY--PERSONAL NAME
Personal name Salazar, Alicia,
Dates associated with a name 1973-
Relator term author.
9 (RLIN) 6421312
245 10 - TITLE STATEMENT
Title Camila the stage star /
Statement of responsibility, etc by Alicia Salazar ; illustrated by Thais Damião.
263 ## - PROJECTED PUBLICATION DATE
Projected publication date 2101.
264 #1 - Production, Publication, Distribution, Manufacture, and Copyright Notice.
Place of production, publication, distribution, manufacture North Mankato, Minnesota :
Name of producer, publisher, distributor, manufacturer Picture Window Books, a Capstone imprint,
Date of production, publication, distribution, manufacture, or copyr [2021]
300 ## - PHYSICAL DESCRIPTION
Extent 27 pages :
Other physical details illustrations ;
Dimensions 24 cm.
336 ## - Content Type
Content type term text
336 ## - Content Type
Content type term still image
337 ## - Media type
Media type term unmediated
338 ## - Carrier type
Carrier type term volume
490 0# - SERIES STATEMENT
Series statement Camila the star.
500 ## - GENERAL NOTE
General note Includes glossary, glossary of Spanish words, activities, and discussion questions.
520 ## - SUMMARY, ETC.
Summary, etc "When Camila tries out for a play, she practices hard to get ready for auditions. So she's extra disappointed when she doesn't get the starring role. But as she learns her part and works with the rest of the cast, Camila discovers there is more than one way to be a star"--
521 ## - TARGET AUDIENCE NOTE
Target audience note Ages 5-7.
Source Capstone.
521 ## - TARGET AUDIENCE NOTE
Target audience note Grades 2-3.
Source Capstone.
650 #0 - SUBJECT ADDED ENTRY--TOPICAL TERM
Topical term or geographic name as entry element Acting
Form subdivision Juvenile fiction.
9 (RLIN) 5709577
650 #0 - SUBJECT ADDED ENTRY--TOPICAL TERM
Topical term or geographic name as entry element Theater
Form subdivision Juvenile fiction.
9 (RLIN) 5703063
650 #0 - SUBJECT ADDED ENTRY--TOPICAL TERM
Topical term or geographic name as entry element Hispanic Americans
Form subdivision Juvenile fiction.
690 ## - LOCAL SUBJECT ADDED ENTRY--TOPICAL TERM (OCLC, RLIN)
Topical term or geographic name as entry element Early reader intermediate.
700 1# - ADDED ENTRY--PERSONAL NAME
Personal name Damião, Thais,
Relator term illustrator.
9 (RLIN) 6421313
776 08 - ADDITIONAL PHYSICAL FORM ENTRY
Display text Online version:
Main entry heading Salazar, Alicia.
Title Camila the stage star
Place, publisher, and date of publication North Mankato : Capstone, 2021
International Standard Book Number 9781515891833
Record control number (DLC) 2020025174.
907 ## - LOCAL DATA ELEMENT G, LDG (RLIN)
a .b449875398
942 ## - ADDED ENTRY ELEMENTS (KOHA)
Source of classification or shelving scheme Dewey Decimal Classification
Koha item type BOOK
Holdings
Withdrawn status Lost status Source of classification or shelving scheme Damaged status Not for loan Collection code Home library Current library Shelving location Date acquired Source of acquisition Total Checkouts Total Renewals Full call number Barcode Date last seen Date checked out Cost, replacement price Price effective from Koha item type
    Dewey Decimal Classification     Children Leveled Wasatch County Library Wasatch County Library Main Floor Childrens Area 06/23/2021 Rainbow Books 11 13 E Salazar 34301001817693 02/12/2026 01/22/2026 15.99 06/23/2021 BOOK
This project was made possible through a grant from the Institute of Museum and Library Service administered by the Utah State Library Division.

Wasatch County Library

  • 465 East 1200 South, Heber City, Utah 84032
  • Phone 435-654-1511 | Fax 435-654-6456

Hours

  • Monday - Friday 9:30 AM - 8:00 PM
  • Saturday 9:30 AM - 1:30 PM
  • Closed Sundays and Holidays